Chinese Cities By Any Syllable - Statistics

General Stats
  • This quiz has been taken 174 times
  • The average score is 351 of 426
Answers on the Map
Answers color-coded by a green-red scale on the quiz's map according to % correct below.
 
Answer Stats
Pop (K) City % Correct
428 Aksu
98%
20,897 Beijing
98%
403 Changji
98%
1,672 Cixi
98%
447 Ji'an
98%
963 Jixi
98%
1,584 Qiqihar
98%
4,544 Ürümqi
98%
1,198 Baoji
97%
491 Beihai
97%
1,176 Benxi
97%
593 Cenxi
97%
1,004 Chenzhou
97%
705 Dazhou
97%
6,526 Harbin
97%
1,623 Jilin
97%
5,514 Jinan
97%
1,518 Jining
97%
1,169 Jinzhou
97%
424 Jiyuan
97%
523 Laixi
97%
588 Qitaihe
97%
3,315 Wuxi
97%
8,275 Xi'an
97%
1,583 Xining
97%
717 Yanji
97%
694 Yuxi
97%
660 Zhoushan
97%
797 Zhuji
97%
3,750 Changzhou
96%
1,907 Daqing
96%
13,635 Guangzhou
96%
654 Hezhou
96%
1,052 Ma'anshan
96%
347 Manzhouli
96%
374 Qidong
96%
536 Qingzhou
96%
662 Qinzhou
96%
798 Quzhou
96%
342 Ulanhot
96%
715 Wuzhou
96%
1,647 Anshan
95%
4,695 Changsha
95%
478 Chizhou
95%
1,019 Dezhou
95%
343 Fujin
95%
3,765 Fuzhou, Fujian
95%
1,029 Fuzhou, Jiangxi
95%
409 Hami
95%
7,846 Hangzhou
95%
404 Heshan
95%
1,016 Huzhou
95%
764 Jincheng
95%
401 Jingdezhen
95%
3,154 Lanzhou
95%
9,144 Nanjing
95%
13,794 Tianjin
95%
745 Anqing
94%
453 Bayannur
94%
531 Dali
94%
5,776 Dalian
94%
409 Danzhou
94%
375 Dashiqiao
94%
1,789 Datong
94%
593 Daye
94%
7,407 Foshan
94%
834 Luzhou
94%
3,710 Nanchang
94%
1,299 Nanchong
94%
1,382 Taizhou, Jiangsu
94%
1,993 Taizhou, Zhejiang
94%
372 Ya'an
94%
710 Yan'an
94%
901 Zhangzhou
94%
5,510 Zhengzhou
94%
1,450 Chaozhou
93%
386 Emeishan
93%
1,347 Ganzhou
93%
646 Haimen
93%
7,598 Hong Kong
93%
366 Huazhou
93%
350 Jiayuguan
93%
1,055 Jingzhou
93%
469 Karamay
93%
2,351 Nantong
93%
1,170 Nanyang
93%
27,796 Shanghai
93%
527 Shizuishan
93%
507 Shuangyashan
93%
1,220 Suzhou, Anhui
93%
7,427 Suzhou, Jiangsu
93%
540 Taishan
93%
3,725 Wenzhou
93%
645 Wuhai
93%
8,473 Wuhan
93%
1,961 Wuhu
93%
2,039 Yangzhou
93%
1,525 Anyang
92%
859 Baishan
92%
1,125 Binzhou
92%
773 Bozhou
92%
569 Cangzhou
92%
537 Chuzhou
92%
7,452 Dongguan
92%
677 Ezhou
92%
561 Gaozhou
92%
795 Haicheng
92%
411 Huangshan
92%
2,606 Huizhou
92%
510 Jinjiang
92%
617 Jinzhong
92%
769 Kunshan
92%
397 Laizhou
92%
1,022 Leshan
92%
418 Linzhou
92%
2,227 Liuzhou
92%
358 Macheng
92%
749 Meishan
92%
403 Meizhou
92%
434 Nankang
92%
3,974 Nanning
92%
501 Nanping
92%
1,193 Pingdingshan
92%
1,114 Pizhou
92%
1,756 Quanzhou
92%
328 Rushan
92%
1,364 Tai'an
92%
3,563 Tangshan
92%
385 Xinzhou
92%
2,193 Xuzhou
92%
809 Yongzhou
92%
2,942 Zhongshan
92%
1,209 Zhuzhou
92%
326 Anning
91%
704 Dengzhou
91%
331 Dingzhou
91%
390 Dujiangyan
91%
474 Fu'an
91%
576 Hebi
91%
2,239 Hohhot
91%
1,462 Huainan
91%
790 Huludao
91%
568 Jiaozhou
91%
1,170 Jinhua
91%
464 Liyang
91%
524 Shangyu
91%
4,408 Shantou
91%
437 Shanwei
91%
408 Shengzhou
91%
584 Shuozhou
91%
452 Suizhou
91%
1,237 Tengzhou
91%
565 Weinan
91%
1,908 Yancheng
91%
671 Zhoukou
91%
9,305 Chengdu
90%
16,382 Chongqing
90%
598 Fuqing
90%
329 Hailin
90%
542 Haining
90%
732 Linhai
90%
1,076 Panjin
90%
579 Sanmenxia
90%
3,791 Xiamen
90%
1,804 Zhuhai
90%
920 Chengde
89%
579 Dongyang
89%
1,065 Fuyang
89%
504 Guang'an
89%
338 Haiyang
89%
1,586 Qinhuangdao
89%
7,374 Shenyang
89%
1,348 Weihai
89%
366 Zhuozhou
89%
853 Changde
88%
531 Changning
88%
505 Changyi
88%
599 Jingjiang
88%
662 Macao
88%
5,742 Qingdao
88%
333 Shihezi
88%
899 Tianmen
88%
1,606 Yichang
88%
1,387 Yiwu
88%
698 Dongtai
87%
436 Fangchenggang
87%
561 Feicheng
87%
1,932 Haikou
87%
2,824 Handan
87%
429 Hechi
87%
1,174 Huaibei
87%
727 Jiamusi
87%
356 Kaili
87%
857 Liling
87%
437 Lishui
87%
655 Longhai
87%
976 Qujing
87%
645 Sanya
87%
1,280 Shiyan
87%
368 Wenchang
87%
352 Wuchuan
87%
408 Wuwei
87%
1,002 Xuchang
87%
532 Yanshi
87%
2,609 Yantai
87%
667 Ankang
86%
354 Anlu
86%
743 Danyang
86%
886 Deyang
86%
645 Hegang
86%
464 Hejian
86%
1,713 Jiangmen
86%
802 Korla
86%
935 Laiwu
86%
1,261 Lu'an
86%
343 Ningde
86%
576 Yiyang
86%
622 Yulin, Guangxi
86%
707 Yulin, Shaanxi
86%
1,051 Zhaoqing
86%
515 Changge
85%
744 Hanchuan
85%
2,770 Huai'an
85%
389 Linqing
85%
417 Longchang
85%
605 Sanhe
85%
4,199 Shijiazhuang
85%
831 Yibin
85%
362 Yining
85%
684 Zhangjiagang
85%
721 Anqiu
84%
619 Anshun
84%
1,058 Bazhong
84%
868 Changzhi
84%
501 Jianyang
84%
779 Liaocheng
84%
436 Tongcheng
84%
724 Xianyang
84%
891 Xinyu
84%
490 Yongcheng
84%
703 Yuncheng
84%
514 Ziyang
84%
338 Baicheng
83%
1,311 Dongying
83%
851 Fuxin
83%
478 Gao'an
83%
618 Hanzhong
83%
4,371 Hefei
83%
745 Qingyuan
83%
413 Rongcheng
83%
1,208 Rui'an
83%
357 Shenmu
83%
817 Xinyang
83%
1,046 Xiong'an
83%
1,099 Yueqing
83%
1,469 Zhangjiakou
83%
927 Zhucheng
83%
4,521 Changchun
82%
890 Dandong
82%
456 Fengcheng
82%
3,407 Guiyang
82%
533 Heyuan
82%
805 Heze
82%
499 Jingmen
82%
1,984 Linyi
82%
1,242 Liuyang
82%
704 Longyan
82%
4,264 Ningbo
82%
459 Pinghu
82%
654 Puyang
82%
850 Shangqiu
82%
12,592 Shenzhen
82%
380 Wanning
82%
353 Xianning
82%
967 Xintai
82%
409 | 577 Xinyi
82%
484 Xuancheng
82%
308 Yangchun
82%
912 Yangjiang
82%
594 Yichun, Heilongjiang
82%
975 Yichun, Jiangxi
82%
472 Yuhuan
82%
484 Zhuanghe
82%
747 Zhumadian
82%
982 Changshu
81%
547 Chaoyang
81%
379 Donggang
81%
1,574 Hengyang
81%
1,318 Jiaxing
81%
1,195 Jieyang
81%
391 Laiyang
81%
942 Mudanjiang
81%
1,055 Shangrao
81%
412 Xingyang
81%
1,200 Zhenjiang
81%
495 Chaohu
80%
2,462 Luoyang
80%
1,685 Xiangyang
80%
514 Xingning
80%
601 Xinmi
80%
814 Yangquan
80%
365 Yushu
80%
576 Zaoyang
80%
572 Zhaodong
80%
896 Leiyang
79%
870 Liaoyang
79%
1,096 Luohe
79%
1,301 Mianyang
79%
536 Pingdu
79%
1,192 Puning
79%
373 Qufu
79%
730 Shaoyang
79%
770 Taixing
79%
850 Xingtai
79%
2,003 Putian
78%
378 Sanming
78%
1,021 Yueyang
78%
696 Yuyao
78%
745 Gaomi
77%
875 Jiangyin
77%
374 Xingyi
77%
442 Yixing
77%
1,315 Zhanjiang
77%
619 Enshi
76%
4,551 Kunming
76%
639 Miluo
76%
730 Ordos
76%
768 Shaoguan
76%
2,685 Zibo
76%
844 Huangshi
75%
790 Tianshui
75%
528 Gongyi
74%
356 Ningguo
74%
584 Tonghua
74%
367 Yunfu
74%
891 Linfen
73%
717 Suining
73%
3,976 Taiyuan
73%
456 Xinzheng
73%
341 Zhangshu
73%
1,313 Zunyi
73%
1,878 Lianyungang
72%
680 Taicang
72%
378 Gongzhuling
71%
557 Guangyuan
71%
1,155 Guilin
71%
1,100 Xinxiang
71%
351 Yuanjiang
71%
2,020 Baoding
70%
663 Bijie
70%
410 Botou
70%
1,195 Chifeng
70%
717 Panzhihua
70%
466 Wafangdian
70%
448 Zhangye
70%
356 Lengshuijiang
69%
599 Shishi
69%
816 Xinghua
69%
370 Huixian
68%
1,239 Maoming
68%
953 Pingxiang
68%
605 Siping
68%
1,170 Xiangtan
68%
2,239 Baotou
67%
520 Chuxiong
67%
937 Guiping
67%
521 Qianjiang
67%
656 Tongxiang
67%
2,746 Weifang
67%
1,070 Wenling
67%
344 Zixing
67%
410 Baiyin
66%
1,288 Fushun
66%
917 Guigang
66%
937 Jiujiang
66%
535 Longkou
66%
654 Neijiang
66%
1,520 Suqian
66%
716 Tongling
66%
594 Xiantao
66%
440 Yingde
66%
1,252 Yingkou
66%
414 Laibin
65%
429 Suihua
64%
556 Tongchuan
63%
1,627 Yinchuan
63%
355 Leping
62%
465 Lüliang
62%
409 Xingping
62%
619 Sihui
61%
339 Songzi
61%
747 Zigong
61%
784 Huaihua
60%
664 Loudi
60%
721 Tongliao
60%
806 Xiaogan
60%
402 Enping
59%
348 Zhaotong
59%
498 Zhongxiang
59%
1,132 Liupanshui
58%
396 Pingliang
57%
763 Langfang
56%
404 Kaiping
55%
553 Shouguang
55%
350 Xuanwei
55%
355 Zhaoyuan
55%
374 Luoding
54%
1,318 Kaifeng
53%
1,313 Rizhao
53%
376 Liaoyuan
52%
520 Songyuan
52%
392 Gaoping
51%
2,633 Shaoxing
51%
416 Tieling
50%
324 Rugao
49%
543 Yongkang
47%
571 Dengfeng
45%
892 Hengshui
45%
397 Jiuquan
45%
1,102 Zaozhuang
40%
915 Bengbu
35%
450 Jurong
35%
664 Renqiu
28%
527 Gaoyou
27%
776 Jiaozuo
23%
No matching quizzes found
Score Distribution
Percent of People with Each Score
Percentile by Number Answered
Your Score History
You have not taken this quiz